Основи економіки праці (Запис № 307451)
[ простий вигляд ]
| 000 -LEADER | |
|---|---|
| fixed length control field | 00768nam a22002777a 4500 |
| 001 - CONTROL NUMBER | |
| control field | 21258 |
| 003 - CONTROL NUMBER IDENTIFIER | |
| control field | UA-OsUOA |
| 005 - DATE AND TIME OF LATEST TRANSACTION | |
| control field | 20200424180708.0 |
| 007 - PHYSICAL DESCRIPTION FIXED FIELD--GENERAL INFORMATION | |
| fixed length control field | ta |
| 008 - FIXED-LENGTH DATA ELEMENTS--GENERAL INFORMATION | |
| fixed length control field | 20031125b un ||||| |||| 00| 0 ukr d |
| 020 ## - INTERNATIONAL STANDARD BOOK NUMBER | |
| International Standard Book Number | 966-7767-00-0 |
| 040 ## - CATALOGING SOURCE | |
| Original cataloging agency | UA-OsUOA |
| Language of cataloging | ukr |
| Transcribing agency | UA-OsUOA |
| Modifying agency | UA-OsUOA |
| 041 ## - LANGUAGE CODE | |
| Language code of text/sound track or separate title | ukr |
| 044 ## - COUNTRY OF PUBLISHING/PRODUCING ENTITY CODE | |
| MARC country code | UA |
| 080 ## - UNIVERSAL DECIMAL CLASSIFICATION NUMBER | |
| Universal Decimal Classification number | 331.(075.8) |
| 090 ## - LOCALLY ASSIGNED LC-TYPE CALL NUMBER (OCLC); LOCAL CALL NUMBER (OCLC) | |
| Classification number (OCLC) (R) ; Classification number, CALL (RLIN) (NR) | 331.(075.8) |
| Local cutter number (OCLC) ; Book number/undivided call number, CALL (RLIN) | Б73 |
| 100 ## - MAIN ENTRY--PERSONAL NAME | |
| Personal name | Богиня Д.П. |
| 245 ## - TITLE STATEMENT | |
| Title | Основи економіки праці |
| Remainder of title | Навчальний посібник |
| 260 ## - PUBLICATION, DISTRIBUTION, ETC. (IMPRINT) | |
| Place of publication, distribution, etc | Київ |
| Name of publisher, distributor, etc | Знання-Прес |
| Date of publication, distribution, etc | 2000 |
| 300 ## - PHYSICAL DESCRIPTION | |
| Extent | 313 с. |
| 650 #7 - SUBJECT ADDED ENTRY--TOPICAL TERM | |
| Source of heading or term | UDC |
| 700 ## - ADDED ENTRY--PERSONAL NAME | |
| Personal name | Грішнова О.А. |
| 942 ## - ADDED ENTRY ELEMENTS (KOHA) | |
| Koha item type | Книги |
| Source of classification or shelving scheme | Universal Decimal Classification |
| 955 ## - COPY-LEVEL INFORMATION (RLIN) | |
| Classification number, CCAL (RLIN) | інше |
| Withdrawn status | Lost status | Source of classification or shelving scheme | Damaged status | Not for loan | Home library | Current library | Date acquired | Cost, normal purchase price | Inventory number | Total Checkouts | Full call number | Barcode | Date last seen | Price effective from | Koha item type | Source of acquisition |
|---|---|---|---|---|---|---|---|---|---|---|---|---|---|---|---|---|
| Withdrawn | Universal Decimal Classification | ЧЗ - Читальна зала | ЧЗ - Читальна зала | 25/11/2003 | 23.00 | 21029 | 331.(075.8) Б73 | 21029 | 13/07/2019 | 25/11/2003 | Книги | |||||
| Universal Decimal Classification | ЧЗ - Читальна зала | ЧЗ - Читальна зала | 25/11/2003 | 23.00 | 65534 | 331.(075.8) Б73 | 65534 | 07/02/2022 | 25/11/2003 | Книги | ||||||
| Universal Decimal Classification | ЧЗ - Читальна зала | ЧЗ - Читальна зала | 25/11/2003 | 23.00 | 65535 | 331.(075.8) Б73 | 65535 | 07/02/2022 | 25/11/2003 | Книги | ||||||
| Universal Decimal Classification | ЧЗ - Читальна зала | ЧЗ - Читальна зала | 25/11/2003 | 23.00 | 65536 | 331.(075.8) Б73 | 65536 | 07/02/2022 | 25/11/2003 | Книги | ||||||
| Universal Decimal Classification | ЧЗ - Читальна зала | ЧЗ - Читальна зала | 08/12/2005 | 87766 | 331(075.8) Б73 | 87766 | 07/02/2022 | 08/12/2005 | Книги | 118/2005 |